000
00298 a2200109 4500
001
ART_7197
005
20260410161623.0
008
260409a
245
1
0
_a
Participaciones en otras sociedades
100
1
_a
Piñeiro, Horacio
773
0
_t
Enfoques
_g
- Nº 8 (ago. 2011)
_w
REV416
999
_c
11710
_d
11710